[Event "VIE-ch U09 Girls"]
[Site "Ho Chi Minh City"]
[Date "2014.07.15"]
[Round "5"]
[White "Le, Nguyen My An"]
[Black "Nguyen, Ngoc Thao Nhi"]
[Result "0-1"]
[WhiteElo "1607"]
[BlackElo "1566"]
[PlyCount "80"]
[EventDate "2014.07.13"]
[EventType "swiss"]
[EventRounds "9"]
[EventCountry "VIE"]
[SourceTitle "EXT 2016"]
[Source "ChessBase"]
[SourceDate "2015.10.08"]
[SourceVersion "1"]
[SourceVersionDate "2015.10.08"]
[SourceQuality "1"]

1. e4 e5 2. Nf3 d6 3. h3 Nf6 4. d3 h6 5. d4 Nxe4 6. dxe5 Nd7 7. Bd3 Nec5 8. Bc4 dxe5 9. Bb5 c6 10. Bc4 e4 11. Nd4 Ne5 12. Bb3 Be6 13. Nxe6 Qxd1+ 14. Kxd1 fxe6 15. Bf4 Nxb3 16. axb3 Ng6 17. Bg3 Rd8+ 18. Nd2 a6 19. Re1 Bb4 20. c3 Bc5 21. Rxe4 Ke7 22. b4 Bd6 23. f4 Rhf8 24. f5 Rxf5 25. Bxd6+ Rxd6 26. Kc2 Rf2 27. Rd1 Rxg2 28. c4 e5 29. h4 Rd4 30. Rxd4 exd4 31. h5 Nf4 32. Rh1 d3+ 33. Kd1 g5 34. Ne4 Rxb2 35. Nxg5 Rb1+ 36. Kd2 Rxh1 37. Ne4 Rxh5 38. Nc5 Rh2+ 39. Ke3 d2 40. Kxf4 d1Q 0-1

[Event "VIE-ch U09 Girls"]
[Site "Ho Chi Minh City"]
[Date "2014.07.15"]
[Round "4"]
[White "Nguyen, Ngoc Thao Nhi"]
[Black "Le, Tran Phuong Quyen"]
[Result "1-0"]
[WhiteElo "1566"]
[BlackElo "1559"]
[PlyCount "53"]
[EventDate "2014.07.13"]
[EventType "swiss"]
[EventRounds "9"]
[EventCountry "VIE"]
[SourceTitle "EXT 2016"]
[Source "ChessBase"]
[SourceDate "2015.10.08"]
[SourceVersion "1"]
[SourceVersionDate "2015.10.08"]
[SourceQuality "1"]

1. e4 e5 2. Nf3 Nc6 3. Bc4 Nf6 4. Nc3 Bc5 5. h3 d6 6. Ng5 h6 7. Nxf7 Qe7 8. Nxh8 Be6 9. Bxe6 Qxe6 10. Ng6 0-0-0 11. Nh4 d5 12. f3 dxe4 13. fxe4 Kb8 14. d3 a6 15. Qe2 Qe7 16. Nf5 Qe6 17. Nxg7 Qf7 18. Nf5 Qg6 19. Bxh6 Rd7 20. 0-0-0 Ka7 21. a3 Bd4 22. Be3 Bxe3+ 23. Qxe3+ Ka8 24. g4 Qf7 25. Kb1 Qe6 26. g5 Kb8 27. gxf6 1-0